00615 2200205 4500001002100000005001500021035002000036007000300056008004100059020001900100082001100119084001700130100002800147245006800175250001000243260008400253300002300337650004000360990000900400INLIS00000000000021620170914092250 a0010-0917000202ta170914 0 ind  a979- 8867-04-1 a297.64 a297.64 AL m0 aAl - Asy'ari Habibullah1 aMoralitas :bPendidikan Pesantren /cZubaidi Habibullah Asy'ari aCet.1 aYogyakarta :bLembaga Kajian dan Pengembangan Sumber Daya Manusia(LKPSM),c1995 a166 hlm ;c20,5 cm aPondok Pesantren - Pendidikan Islam a4513